Pravidla úspěchu : jak se dostat z místa kde jste, tam kde chcete být /
Uložené v:
| Hlavní autori: | , |
|---|---|
| Ďalší autori: | |
| Médium: | Kniha |
| Jazyk: | Czech English |
| Vydané: |
Praha :
Pragma,
2006
|
| Vydanie: | [1. vyd.] |
| Témy: | |
| ISBN: |
8073490048 (viaz.) |
| Fyzický popis: |
445 s. : il. ; 23 cm |
| Tagy: |
Pridať tag
Žiadne tagy, Buďte prvý kto otaguje tento záznam!
|
Titul je dostupný aj v ... 

MARC
| LEADER | 00000nam a2200000 a 4500 | ||
|---|---|---|---|
| 001 | 000285607 | ||
| 005 | 20070219083317.0 | ||
| 008 | 061124s2006 xr a e 000 0 czeo | ||
| 020 | |a 8073490048 (viaz.) | ||
| 040 | |a SVKKK |b slo |c SVKKK |e AACR2 | ||
| 041 | 1 | |a cze |h eng | |
| 044 | |a xr |c CZ | ||
| 072 | 7 | |a 159.92 |x Vývinová psychológia. Individuálna psychológia |2 konspekt | |
| 080 | |a 17.024.4 |2 1997 | ||
| 080 | |a 159.923.5 |2 1997 | ||
| 080 | |a (0.062) |2 1997 | ||
| 100 | 1 | |a Canfield, Jack, |d 1944- |4 aut | |
| 240 | 1 | 0 | |a Success principles. |l Česky |
| 245 | 1 | 0 | |a Pravidla úspěchu : |b jak se dostat z místa kde jste, tam kde chcete být / |c Jack Canfield s Janet Switzer ; [z anglického originálu přeložila Jana Novotná] |
| 250 | |a [1. vyd.] | ||
| 260 | |a Praha : |b Pragma, |c 2006 | ||
| 300 | |a 445 s. : |b il. ; |c 23 cm | ||
| 500 | |a Údaj o prekl. prevzatý z rubu titul. strany | ||
| 504 | |a Biograf. údaje | ||
| 650 | 0 | 7 | |a úspech |2 SVKKKPH |
| 650 | 0 | 7 | |a rozvoj osobnosti |2 SVKKKPH |
| 655 | 7 | |a populárno-náučné publikácie |2 SVKKKPH | |
| 655 | 7 | |a príručky |2 SVKKKPH | |
| 700 | 1 | |a Switzer, Janet |4 aut | |
| 700 | 1 | |a Novotná, Jana |4 trl | |
| 765 | 0 | |a Canfield, Jack, 1944- |t Success principles | |
| 919 | |a 80-7349-004-8 | ||
| 998 | |a BK | ||
| 090 | |g SCKHL |k Sklad Pribinova prízemie |a IV.198124 |j 984529 |i 2720421173 |s Absenčne | ||